Nominés pour les Oscars du Midi Olympique - 2024. - Statistiques

Statistiques générales
  • Ce quiz a été pris 37 fois
  • Le résultat moyen est 20 sur 38
Statistiques - réponses
Club Joueur % Correct
Stade toulousain Antoine Dupont
97%
Stade rochelais Grégory Alldritt
90%
Union Bordeaux-Bègles Matthieu Jalibert
87%
Stade français Léo Barré
83%
Section paloise Théo Attissogbé
83%
Stade toulousain François Cros
80%
Union Bordeaux-Bègles Maxime Lucu
77%
ASM Clermont Baptiste Jauneau
73%
RC Toulon Baptiste Serin
73%
RC Toulon Charles Ollivon
73%
Union Bordeaux-Bègles Damian Penaud
73%
Union Bordeaux-Bègles Louis Bielle-Biarrey
73%
Stade toulousain Thomas Ramos
73%
Racing 92 Gaël Fickou
70%
USA Perpignan Posolo Tuilagi
70%
Stade toulousain Romain Ntamack
70%
Stade toulousain Peato Mauvaka
63%
Stade rochelais Uini Atonio
63%
Lyon OU Baptiste Couilloud
60%
Racing 92 Nolann Le Garrec
60%
Union Bordeaux-Bègles Nicolas Depoortère
57%
Aviron bayonnais Camille Lopez
53%
Stade toulousain Paul Costes
53%
Sharks Eben Etzebeth
47%
Stade rochelais Brice Dulin
33%
RC Toulon Esteban Abadie
33%
Yokohama Eagles Faf De Klerk
33%
Leinster Jamison Gibson-Park
33%
Toyota Verblitz Pieter-Steph Du Toit
33%
Leinster Jack Willis
30%
Kobelco Steelers Ardie Savea
27%
Stade rochelais Reda Wardi
27%
Racing 92 Antoine Gibert
20%
Stade rochelais Judicaël Cancoriet
20%
Stade français Romain Briatte
20%
Leinster Dan Sheehan
13%
Aviron bayonnais Cheikh Tiberghien
10%
Castres olympique Nathanaël Hulleu
3%
Aucun quiz correspondant
Distribution des résultats
% des personnes avec chaque résultat
Percentile par nombre de réponses
Votre historique - résultats
Vous n’avez pas pris ce quiz